<?xml version="1.0" encoding="UTF-8"?>
<marc:record xmlns:marc="http://www.loc.gov/MARC21/slim">
   <marc:leader>00000nam a2200000 a 4500</marc:leader>
   <marc:datafield ind1="1" ind2=" " tag="100">
      <marc:subfield code="a">Nugent, Liz</marc:subfield>
      <marc:subfield code="4">aut</marc:subfield>
      <marc:subfield code="e">Verfasser/-in</marc:subfield>
   </marc:datafield>
   <marc:datafield ind1="1" ind2=" " tag="100">
      <marc:subfield code="a">Razum, Kathrin</marc:subfield>
      <marc:subfield code="4">trl</marc:subfield>
      <marc:subfield code="e">Übersetzer/-in</marc:subfield>
   </marc:datafield>
   <marc:datafield ind1=" " ind2=" " tag="653">
      <marc:subfield code="a">Softcover / Belletristik/Erzählende Literatur</marc:subfield>
   </marc:datafield>
   <marc:datafield ind1=" " ind2=" " tag="653">
      <marc:subfield code="a">Spannung</marc:subfield>
   </marc:datafield>
   <marc:datafield ind1=" " ind2=" " tag="653">
      <marc:subfield code="a">Thriller</marc:subfield>
   </marc:datafield>
   <marc:datafield ind1=" " ind2=" " tag="653">
      <marc:subfield code="a">Psychothriller</marc:subfield>
   </marc:datafield>
   <marc:datafield ind1=" " ind2=" " tag="653">
      <marc:subfield code="a">Erzählende Literatur</marc:subfield>
   </marc:datafield>
   <marc:datafield ind1="0" ind2="0" tag="245">
      <marc:subfield code="a">Seltsame Sally Diamond (Steidl Pocket)</marc:subfield>
   </marc:datafield>
   <marc:datafield ind1="0" ind2="0" tag="245">
      <marc:subfield code="c">Liz Nugent</marc:subfield>
   </marc:datafield>
   <marc:datafield ind1=" " ind2="1" tag="264">
      <marc:subfield code="a">Göttingen</marc:subfield>
      <marc:subfield code="b">Steidl Verlag</marc:subfield>
      <marc:subfield code="c">2025</marc:subfield>
   </marc:datafield>
   <marc:datafield ind1=" " ind2=" " tag="250">
      <marc:subfield code="a">1. Auflage</marc:subfield>
   </marc:datafield>
   <marc:datafield ind1="1" ind2=" " tag="520">
      <marc:subfield code="a">Als ihr verwitweter Adoptivvater kurz vor ihrem 43. Geburtstag stirbt, nimmt Sally Diamond ihn beim Wort: Sie versucht, ihn mit dem Müll zu verbrennen. So wie er es ihr gesagt hat. Ein Fehler, denn nun interessieren sich plötzlich alle für die seltsame Frau, die sich gerne taub stellt, wenn sie unter Menschen geht und am liebsten für sich bleibt: Polizei, Nachbarn, Medien – und eine unheimliche Stimme aus einer Vergangenheit, an die sie sich nicht erinnert. Während sie nach und nach von den schrecklichen Geheimnissen ihrer frühen Kindheit erfährt, nähert sich Sally zum ersten Mal vorsichtig der Welt. Sie übt sich in Vertrauen, schließt Freundschaften, trifft große Entscheidungen und lernt, dass Menschen nicht immer meinen, was sie sagen und nicht immer sind, was sie vorgeben zu sein. Doch wer ist der mysteriöse Fremde, der so viel über sie zu wissen scheint und ihr Nachrichten von der anderen Seite des Globus schickt? Und wieso ist der neue Nachbar so besessen von ihr?

Seltsame Sally Diamond ist ein Psychothriller vom Feinsten, ein Buch das unter die Haut geht, düster, hochspannend und ergreifend. Vor allem aber mit einer Hauptfigur, die so entwaffnend ehrlich, liebenswert und einzigartig ist, dass man sie nicht vergisst.
</marc:subfield>
   </marc:datafield>
   <marc:datafield ind1=" " ind2=" " tag="020">
      <marc:subfield code="a">9783969994917</marc:subfield>
      <marc:subfield code="9">9783969994917</marc:subfield>
   </marc:datafield>
   <marc:datafield ind1=" " ind2=" " tag="020">
      <marc:subfield code="a">3969994918</marc:subfield>
      <marc:subfield code="9">3969994918</marc:subfield>
   </marc:datafield>
   <marc:datafield ind1=" " ind2=" " tag="041">
      <marc:subfield code="a">ger</marc:subfield>
   </marc:datafield>
   <marc:datafield ind1=" " ind2=" " tag="300">
      <marc:subfield code="a">400 Seiten</marc:subfield>
   </marc:datafield>
</marc:record>
